Marketingový plán a analýza trhu

Čo musí obsahovať marketingový plán, ako by mala firma na analýzou špecifikovanú situáciu reagovať pri navrhovaní plánu marketingových činností. Proces vypracovania marketingového plánu. Marketingové ciele inovačného produktu. Analýza trhu. Hodnotenie vnútorného prostredia firmy. Schéma postupu spra...

Descrizione completa

Salvato in:
Dettagli Bibliografici
Natura: Capitolo di libro
Lingua:ceco
Soggetti:
Tags: Aggiungi Tag
Nessun Tag, puoi essere il primo ad aggiungerne!!

MARC

LEADER 00000naa a2200000 4500
001 r028091
005 20230922084919.0
041 0 |a cze 
044 |a CZ 
245 1 0 |a Marketingový plán a analýza trhu 
520 |a Čo musí obsahovať marketingový plán, ako by mala firma na analýzou špecifikovanú situáciu reagovať pri navrhovaní plánu marketingových činností. Proces vypracovania marketingového plánu. Marketingové ciele inovačného produktu. Analýza trhu. Hodnotenie vnútorného prostredia firmy. Schéma postupu spracovania marketingového plánu a jeho implementácia. 
610 2 0 |a plán marketingový 
610 2 0 |a marketing 
610 2 0 |a analýza trhu 
610 2 0 |a ciele podnikové 
610 2 0 |a produkty